| 000 | 00885nam a2200229 a 4500 | ||
|---|---|---|---|
| 008 | 120217s2007 ||||||||||||||||| || u | ||
| 020 | _a9780340926598 | ||
| 050 | _aRC 66 Ree | ||
| 100 | _aWilliams, Gwyn | ||
| 245 | 1 | 0 |
_a100 cases in clinical medicine. -- 2nd ed. _cby P. John Rees, James Pattison and Gwyn Williams |
| 250 | _a2nd ed. | ||
| 260 |
_aLondon: _bHodder Arnold _c2007 |
||
| 300 | _a[x], 262p.: ill. | ||
| 350 | _a0.00 | ||
| 650 | _aCLINICAL MEDICINE--PROBLEMS, EXERCISES, ETC | ||
| 650 | _aDIAGNOSIS--EXAMINATION QUESTIONS, ETC | ||
| 650 | _aCLINICAL MEDICINE--CASE STUDIES | ||
| 650 | _aCLINICAL MEDICINE--CASE REPORTS | ||
| 700 | _aPattison, James | ||
| 700 | _aRees, P. John | ||
| 995 |
_aMEDICAL LIBRARY OPEN ACCESS _e901539 _FCBU-SCHOOL OF MEDICINE LIBRARY (Ndola) _I0.00 _jRC 66 Ree _M1 _UAVAILABLE _WJun 27, 2012 _y901539 _ZMedical Library Open Access Collection |
||
| 999 |
_c30675 _d30675 |
||